Movies Quiz

Random Movies or Clickable Quiz

Best Director Oscar Winners - 2000's (Clickable!) Quiz Stats

 Plays Quiz not verified by Sporcle

Challenge
Share
Tweet
Embed
Score 0/11 Timer 02:00
0 Plays Today
% Correct
Martin Scorsese
90.1%
Clint Eastwood
89.5%
Kathryn Bigelow
89.1%
Peter Jackson
87.7%
Ethan Coen
84.8%
Ang Lee
84.4%
Danny Boyle
83.1%
Joel Coen
82.9%
Ron Howard
71.8%
Roman Polanski
66.9%
Steven Soderbergh
63.6%

You're not logged in!

Compare scores with friends on all Sporcle quizzes.
OR
Log In

You Might Also Like...

Show Comments

Extras

Top Quizzes Today


Score Distribution

Your Account Isn't Verified!

In order to create a playlist on Sporcle, you need to verify the email address you used during registration. Go to your Sporcle Settings to finish the process.

Report this User

Report this user for behavior that violates our Community Guidelines.

Details: